| 000 | 00000nam 2200000zi 4500 |
| 001 | 9.937528 |
| 003 | CaOODSP |
| 005 | 20250611103921 |
| 006 | m o d f |
| 007 | cr cn||||||||| |
| 008 | 240429t20242024onc ob f000 0 fre d |
| 020 | |a9780660716367 |
| 040 | |aCaOODSP|bfre|erda|cCaOODSP |
| 043 | |an-cn--- |
| 086 | 1 |aA118-10/15-2023F-PDF |
| 245 | 00|aProfil de la culture du concombre de serre au Canada, 2023 / |cpréparé par Programme de réduction des risques liés aux pesticides, Centre de la lutte antiparasitaire, Agriculture et agroalimentaire Canada. |
| 250 | |aSixième édition - 2024. |
| 264 | 1|a[Ottawa] : |bAgriculture et agroalimentaire Canada = Agriculture and Agri-Food Canada, |c[2024]. |
| 264 | 4|c©2024 |
| 300 | |a1 ressource en ligne (49 pages) |
| 336 | |atexte|btxt|2rdacontent/fre |
| 337 | |ainformatique|bc|2rdamedia/fre |
| 338 | |aressource en ligne|bcr|2rdacarrier/fre |
| 500 | |aTitre de la couverture. |
| 500 | |aPublié aussi en anglais sous le titre : Crop profile for greenhouse cucumber in Canada, 2023. |
| 504 | |aComprend des références bibliographiques (pages 48-49). |
| 650 | 6|aConcombre|xMaladies et fléaux|xLutte contre|zCanada. |
| 650 | 6|aConcombre|xIndustrie|zCanada. |
| 650 | 6|aPlantes de serre|zCanada. |
| 710 | 1 |aCanada. |bAgriculture et agroalimentaire Canada, |eorganisme de publication. |
| 710 | 2 |aCentre de la lutte antiparasitaire (Canada), |eorganisme de publication. |
| 775 | 08|tCrop profile for greenhouse cucumber in Canada, 2023 / |w(CaOODSP)9.937527 |
| 795 | |tProfil de la culture du concombre de serre au Canada, 2020 / |w(CaOODSP)9.896774 |
| 856 | 40|qPDF|s992 Ko|uhttps://publications.gc.ca/collections/collection_2024/aac-aafc/A118-10-15-2023-fra.pdf |
| 986 | |a13214F |